[Event "RUS-chT 22nd"]
[Site "Sochi"]
[Date "2015.05.05"]
[Round "5.5"]
[White "Popov, Ivan1111"]
[Black "Ibragimov, Ildar"]
[Result "1/2-1/2"]
[WhiteElo "2639"]
[BlackElo "2543"]
[PlyCount "153"]
[EventDate "2015.05.01"]
[EventType "team-tourn"]
[EventRounds "7"]
[EventCountry "RUS"]
[SourceTitle "CBM 167"]
[Source "ChessBase"]
[SourceDate "2015.07.13"]
[SourceVersion "1"]
[SourceVersionDate "2015.07.13"]
[SourceQuality "1"]
[WhiteTeam "Moscow Our Heritage"]
[BlackTeam "Kazan Ladya"]
[WhiteTeamCountry "RUS"]
[BlackTeamCountry "RUS"]

1. e4 e5 2. Nf3 Nc6 3. Bb5 a6 4. Ba4 Nf6 5. 0-0 Be7 6. d3 b5 7. Bb3 d6 8. a4 Rb8 9. axb5 axb5 10. h3 Be6 11. Bxe6 fxe6 12. c3 0-0 13. Ra6 Qd7 14. Qb3 Nd8 15. Be3 Nf7 16. Nbd2 c5 17. Rfa1 Rb7 18. Qa2 d5 19. Ng5 Nd8 20. Ndf3 Nc6 21. Ra8 c4 22. d4 exd4 23. Nxd4 Nxd4 24. Bxd4 Nxe4 25. Rxf8+ Bxf8 26. Nxe4 dxe4 27. Qa8 Qd5 28. Bc5 Rf7 29. Qxd5 exd5 30. Ra8 g6 31. Rd8 h5 32. Kf1 Kg7 33. Bd4+ Kh7 34. Ke2 Rf5 35. g4 Rf3 36. Rd7+ Kg8 37. gxh5 gxh5 38. Rxd5 Rxh3 39. Rxb5 h4 40. Re5 Rh1 41. Rxe4 Bd6 42. Be5 Bxe5 43. Rxe5 Rb1 44. Rh5 Rxb2+ 45. Ke3 Rc2 46. Kd4 Rxf2 47. Rxh4 Kf7 48. Re4 Ra2 49. Re3 Ra4 50. Kc5 Kf6 51. Kb5 Ra8 52. Kxc4 Kf5 53. Kb5 Rb8+ 54. Kc6 Rc8+ 55. Kd7 Rc4 56. Kd6 Kf4 57. Kd5 Rc8 58. Rh3 Rd8+ 59. Kc6 Ke4 60. c4 Rc8+ 61. Kb5 Rb8+ 62. Kc5 Rc8+ 63. Kb4 Rb8+ 64. Kc3 Ke5 65. Rd3 Rc8 66. Rd5+ Ke6 67. Rd1 Ke5 68. Rd4 Ra8 69. Rd5+ Ke6 70. Kb4 Rb8+ 71. Rb5 Rh8 72. Rb7 Kd6 73. Kb5 Rh5+ 74. Kb6 Rc5 75. Rd7+ Kxd7 76. Kxc5 Kc7 77. Kd5 1/2-1/2

[Event "EU-Cup 30th"]
[Site "Bilbao"]
[Date "2014.09.20"]
[Round "7.3"]
[White "Ibragimov, Ildar"]
[Black "Salgado Lopez, Ivan"]
[Result "0-1"]
[WhiteElo "2544"]
[BlackElo "2619"]
[PlyCount "80"]
[EventDate "2014.09.14"]
[EventType "team-swiss"]
[EventRounds "7"]
[EventCountry "ESP"]
[SourceTitle "CBM 163"]
[Source "ChessBase"]
[SourceDate "2014.11.11"]
[SourceVersion "1"]
[SourceVersionDate "2014.11.11"]
[SourceQuality "1"]
[WhiteTeam "Kazan Ladya"]
[BlackTeam "Sestao Naturgas Energia"]
[WhiteTeamCountry "RUS"]
[BlackTeamCountry "ESP"]

1. d4 d6 2. e4 Nf6 3. Nc3 g6 4. Be3 c6 5. h3 Nbd7 6. Nf3 Qc7 7. a4 Bg7 8. Qd2 0-0 9. Bh6 e5 10. Bxg7 Kxg7 11. Bd3 d5 12. 0-0 dxe4 13. Bxe4 Rd8 14. Rad1 Nc5 15. Rfe1 Ne6 16. Nxe5 Nxd4 17. Qf4 Ne6 18. Qg3 Rxd1 19. Rxd1 Nc5 20. Bd3 Nxd3 21. cxd3 Be6 22. Qf4 Qb6 23. b4 Rd8 24. a5 Qd4 25. Ne2 Qb2 26. Ng3 Rd4 27. Qe3 a6 28. Nf3 Rxb4 29. Ng5 Bd5 30. Re1 Qd4 31. Nf5+ gxf5 32. Qg3 Ng4 33. hxg4 Qf4 34. Qxf4 Rxf4 35. gxf5 Rxf5 36. Nh3 Be6 37. Rb1 Rb5 38. Rxb5 axb5 39. Nf4 b4 40. d4 Bc4 0-1

[Event "Nezhmetdinov Memorial 36th"]
[Site "Kazan"]
[Date "2014.06.02"]
[Round "3"]
[White "Ibragimov, Ildar"]
[Black "Pushkin, Eduard"]
[Result "1-0"]
[WhiteElo "2557"]
[BlackElo "2150"]
[PlyCount "51"]
[EventDate "2014.05.31"]
[EventType "swiss"]
[EventRounds "9"]
[EventCountry "RUS"]
[SourceTitle "CBM 160 Extra"]
[Source "ChessBase"]
[SourceDate "2014.07.01"]
[SourceVersion "1"]
[SourceVersionDate "2014.07.01"]
[SourceQuality "1"]

1. d4 d5 2. c4 e6 3. Nc3 Nf6 4. cxd5 exd5 5. Bg5 c6 6. e3 Be7 7. Qc2 Nbd7 8. Bd3 Nf8 9. Nge2 Ne6 10. Bh4 g6 11. 0-0 Ng7 12. f3 Nf5 13. Bf2 Nd6 14. Kh1 0-0 15. e4 dxe4 16. fxe4 Ng4 17. Bg1 Bg5 18. Rf3 Nh6 19. h3 f5 20. Raf1 Re8 21. Ng3 fxe4 22. Ncxe4 Nxe4 23. Bxe4 Qd6 24. Bh2 Bd7 25. Nh5 Qxd4 26. Bxg6 1-0

[Event "Nezhmetdinov Memorial 35th"]
[Site "Kazan"]
[Date "2013.06.06"]
[Round "7"]
[White "Kovalenko, Igor"]
[Black "Ibragimov, Ildar"]
[Result "1-0"]
[WhiteElo "2596"]
[BlackElo "2571"]
[PlyCount "75"]
[EventDate "2013.05.31"]
[EventType "swiss"]
[EventRounds "9"]
[EventCountry "RUS"]
[SourceTitle "CBM 154 Extra"]
[Source "ChessBase"]
[SourceDate "2013.06.25"]
[SourceVersion "2"]
[SourceVersionDate "2013.06.25"]
[SourceQuality "1"]

1. c4 e5 2. g3 Nc6 3. Bg2 g6 4. Nc3 Bg7 5. Nf3 d6 6. 0-0 Bg4 7. h3 Be6 8. d3 h6 9. Bd2 Qd7 10. Kh2 f5 11. Rb1 a5 12. Qa4 Nf6 13. b4 0-0 14. b5 Ne7 15. c5 Nfd5 16. c6 bxc6 17. bxc6 Qe8 18. Rfc1 Nb6 19. Qc2 Qf7 20. Nb5 Ned5 21. a3 Nc8 22. e4 Ndb6 23. a4 fxe4 24. dxe4 Nc4 25. Be3 Ra6 26. Nd2 Rxc6 27. Nxc4 Bxc4 28. Qd2 Ne7 29. Qxa5 d5 30. exd5 Nxd5 31. Rxc4 Nxe3 32. Rxc6 Nxg2 33. Qd2 e4 34. Rxc7 Qxf2 35. Rc2 Qxd2 36. Rxd2 Ne3 37. Re2 Nc4 38. Rb4 1-0

[Event "Nezhmetdinov Memorial 35th"]
[Site "Kazan"]
[Date "2013.06.02"]
[Round "3"]
[White "Gajsin, Evgenij"]
[Black "Ibragimov, Ildar"]
[Result "1-0"]
[WhiteElo "2457"]
[BlackElo "2571"]
[PlyCount "80"]
[EventDate "2013.05.31"]
[EventType "swiss"]
[EventRounds "9"]
[EventCountry "RUS"]
[SourceTitle "CBM 154 Extra"]
[Source "ChessBase"]
[SourceDate "2013.06.25"]
[SourceVersion "2"]
[SourceVersionDate "2013.06.25"]
[SourceQuality "1"]

1. e4 d6 2. d4 g6 3. Nc3 c6 4. f4 d5 5. e5 h5 6. Nf3 Bg4 7. Bd3 e6 8. 0-0 Nh6 9. Be3 Nf5 10. Bf2 Nd7 11. h3 Bxf3 12. Qxf3 h4 13. Ne2 Be7 14. b3 a5 15. a4 Nb8 16. c4 Na6 17. Rad1 Nb4 18. Bb1 Qb6 19. Rd2 Rd8 20. Rfd1 Kf8 21. Kh2 Kg7 22. Rg1 Qa6 23. Bxf5 exf5 24. Rc1 Qa8 25. Ng1 Na6 26. e6 fxe6 27. Re2 Nc7 28. Qe3 Bf6 29. Nf3 Rde8 30. Qc3 b6 31. c5 b5 32. Qe1 bxa4 33. bxa4 Rb8 34. Bxh4 Bxh4 35. Nxh4 Rb4 36. Qg3 Qe8 37. Nxf5+ exf5 38. Rxe8 Rxe8 39. Re1 Re4 40. h4 Re3 1-0

[Event "RUS-chT 20th"]
[Site "Loo"]
[Date "2013.04.12"]
[Round "6"]
[White "Andreikin, Dmitry"]
[Black "Ibragimov, Ildar"]
[Result "1/2-1/2"]
[WhiteElo "2727"]
[BlackElo "2567"]
[PlyCount "35"]
[EventDate "2013.04.07"]
[EventType "team-swiss"]
[EventRounds "7"]
[EventCountry "RUS"]
[SourceTitle "CBM 154"]
[Source "ChessBase"]
[SourceDate "2013.05.15"]
[SourceVersion "1"]
[SourceVersionDate "2013.05.15"]
[SourceQuality "1"]
[WhiteTeam "Saratov Economist SGSEU"]
[BlackTeam "Kazan"]
[WhiteTeamCountry "RUS"]
[BlackTeamCountry "RUS"]

1. d4 Nf6 2. c4 e6 3. g3 Bb4+ 4. Bd2 Bxd2+ 5. Qxd2 0-0 6. Bg2 d5 7. Nf3 Nbd7 8. 0-0 c6 9. Qc3 b6 10. cxd5 cxd5 11. Qa3 a5 12. Rc1 Ba6 13. e3 Qb8 14. Nbd2 Rc8 15. Qe7 Re8 16. Qa3 Rc8 17. Qe7 Re8 18. Qa3 1/2-1/2

[Event "RUS-chT 20th"]
[Site "Loo"]
[Date "2013.04.09"]
[Round "3"]
[White "Movsesian, Sergei"]
[Black "Ibragimov, Ildar"]
[Result "1/2-1/2"]
[WhiteElo "2695"]
[BlackElo "2567"]
[PlyCount "80"]
[EventDate "2013.04.07"]
[EventType "team-swiss"]
[EventRounds "7"]
[EventCountry "RUS"]
[SourceTitle "CBM 154"]
[Source "ChessBase"]
[SourceDate "2013.05.15"]
[SourceVersion "1"]
[SourceVersionDate "2013.05.15"]
[SourceQuality "1"]
[WhiteTeam "Sankt Petersburg Chess Federation"]
[BlackTeam "Kazan"]
[WhiteTeamCountry "RUS"]
[BlackTeamCountry "RUS"]

1. e4 e6 2. d4 d5 3. Nd2 a6 4. Ngf3 c5 5. exd5 exd5 6. Be2 cxd4 7. 0-0 Bd6 8. Nb3 Nc6 9. Nbxd4 Nge7 10. Bg5 0-0 11. c4 dxc4 12. Nxc6 bxc6 13. Bxc4 Qc7 14. h3 h6 15. Bd2 c5 16. Ba5 Qc6 17. Re1 Bb7 18. Bd3 Nd5 19. Be4 Rfe8 20. Qd2 Bf8 21. Rac1 Qb5 22. Bd3 Rxe1+ 23. Rxe1 c4 24. Nd4 Qa4 25. Bc2 Qxa2 26. Nf5 c3 27. Bxc3 Nxc3 28. Qxc3 Qd5 29. Qg3 Qd2 30. Re2 Qg5 31. Qxg5 hxg5 32. Ne7+ Bxe7 33. Rxe7 Bc6 34. Bb3 Be8 35. Bd5 Rd8 36. Bc4 Kf8 37. Ra7 Rd1+ 38. Kh2 Rd2 39. Rxa6 Rxb2 40. Ra2 Rxa2 1/2-1/2

[Event "RUS-chT 20th"]
[Site "Loo"]
[Date "2013.04.08"]
[Round "2"]
[White "Ibragimov, Ildar"]
[Black "Rozum, Ivan"]
[Result "1/2-1/2"]
[WhiteElo "2567"]
[BlackElo "2473"]
[PlyCount "80"]
[EventDate "2013.04.07"]
[EventType "team-swiss"]
[EventRounds "7"]
[EventCountry "RUS"]
[SourceTitle "CBM 154"]
[Source "ChessBase"]
[SourceDate "2013.05.15"]
[SourceVersion "1"]
[SourceVersionDate "2013.05.15"]
[SourceQuality "1"]
[WhiteTeam "Kazan"]
[BlackTeam "Sankt Petersburg Chigorin CC"]
[WhiteTeamCountry "RUS"]
[BlackTeamCountry "RUS"]

1. d4 Nf6 2. c4 e6 3. Nc3 Bb4 4. e3 0-0 5. a3 Bxc3+ 6. bxc3 c5 7. Ne2 Nc6 8. Ng3 b6 9. e4 Ba6 10. Bg5 h6 11. Be3 Na5 12. e5 Ne8 13. dxc5 Bxc4 14. Bxc4 Nxc4 15. Bxh6 gxh6 16. Qg4+ Qg5 17. Qxc4 Qxe5+ 18. Ne2 Qxc5 19. Qd3 Nf6 20. 0-0 Kh8 21. Rab1 Rg8 22. Rb5 Qxa3 23. Rb4 Qa5 24. Rb5 Qa6 25. c4 Qb7 26. Ng3 a6 27. Rb3 Qc7 28. Qd4 Rg6 29. Rxb6 Rc8 30. Rc1 Qc5 31. Qb2 d5 32. Ne2 Kg7 33. cxd5 Qxd5 34. Nf4 Qe5 35. Nxe6+ Kh7 36. Nf8+ Kg7 37. Ne6+ Kh7 38. Nf8+ Kg7 39. Ne6+ Kh7 40. Nf8+ Kg7 1/2-1/2

[Event "Moscow op-A"]
[Site "Moscow"]
[Date "2013.02.08"]
[Round "7"]
[White "Ibragimov, Ildar"]
[Black "Airapetian, Gor"]
[Result "1/2-1/2"]
[WhiteElo "2555"]
[BlackElo "2462"]
[PlyCount "98"]
[EventDate "2013.02.02"]
[EventType "swiss"]
[EventRounds "9"]
[EventCountry "RUS"]
[SourceTitle "CBM 152 Extra"]
[Source "ChessBase"]
[SourceDate "2013.02.25"]
[SourceVersion "1"]
[SourceVersionDate "2013.02.25"]
[SourceQuality "1"]

1. d4 Nf6 2. c4 e6 3. Nf3 d5 4. Nc3 c6 5. e3 Nbd7 6. Qc2 Bd6 7. Bd3 0-0 8. 0-0 dxc4 9. Bxc4 b5 10. Be2 a6 11. Rd1 Qc7 12. e4 e5 13. g3 Re8 14. a3 h6 15. Be3 Bb7 16. Rac1 Rad8 17. dxe5 Nxe5 18. Nxe5 Bxe5 19. Nd5 Qb8 20. Nxf6+ Bxf6 21. f3 Rxd1+ 22. Rxd1 Rd8 23. b4 Rxd1+ 24. Qxd1 Qd8 25. Qxd8+ Bxd8 26. e5 f6 27. f4 fxe5 28. fxe5 Bc8 29. Bh5 Be6 30. Kf2 Bd5 31. Bg6 a5 32. Bc5 axb4 33. axb4 Bc7 34. Bd4 Bd8 35. Bc5 Bc7 36. Bd6 Bb6+ 37. Ke2 Ba7 38. h4 Bb6 39. Be8 Ba7 40. g4 g5 41. hxg5 hxg5 42. Kd3 Kg7 43. Be7 Bb8 44. Kd4 Ba7+ 45. Bc5 Bb8 46. Bb6 Kf8 47. Bg6 Ke7 48. Bf5 Kf7 49. Bd3 Ke6 1/2-1/2

[Event "Moscow op-A"]
[Site "Moscow"]
[Date "2013.02.06"]
[Round "5"]
[White "Ibragimov, Ildar"]
[Black "Mamedov, Rauf"]
[Result "1/2-1/2"]
[WhiteElo "2555"]
[BlackElo "2651"]
[PlyCount "132"]
[EventDate "2013.02.02"]
[EventType "swiss"]
[EventRounds "9"]
[EventCountry "RUS"]
[SourceTitle "CBM 152 Extra"]
[Source "ChessBase"]
[SourceDate "2013.02.25"]
[SourceVersion "1"]
[SourceVersionDate "2013.02.25"]
[SourceQuality "1"]

1. d4 Nf6 2. c4 g6 3. Nc3 Bg7 4. e4 d6 5. Be2 0-0 6. Bg5 a6 7. Qd2 c5 8. d5 Qa5 9. a4 Re8 10. Nf3 b5 11. Nd1 Qd8 12. Qc2 b4 13. Nd2 h6 14. Bh4 e6 15. Ne3 exd5 16. cxd5 b3 17. Qxb3 g5 18. Bg3 Nxe4 19. Nxe4 Rxe4 20. 0-0 Rb4 21. Qd3 Qf6 22. Nc4 Bf5 23. Qd1 Nd7 24. Nxd6 Rd4 25. Qc1 Bg6 26. Ra3 g4 27. Re3 Bf8 28. Nc4 h5 29. Ne5 Rxd5 30. Nxd7 Rxd7 31. Be5 Qb6 32. Bc3 Bg7 33. a5 Qc7 34. Bxg7 Kxg7 35. Qc3+ Kg8 36. h3 Rd4 37. hxg4 hxg4 38. Rc1 Qb7 39. Qxc5 Qxb2 40. Re1 Qb4 41. Qxb4 Rxb4 42. Rc1 Ra4 43. Re5 Kg7 44. Rc4 Ra2 45. Bxg4 Rb8 46. Rc6 Rb5 47. Rxb5 axb5 48. a6 b4 49. Rb6 b3 50. Rxb3 Rxa6 51. Rb5 Ra2 52. f3 Ra1+ 53. Kh2 Rb1 54. Rd5 Rb2 55. Kg3 Ra2 56. Bh3 Ra3 57. Kh4 Kf6 58. Rd6+ Kg7 59. f4 Ra5 60. Bg4 Be4 61. g3 Bf5 62. Bd1 Be6 63. Bh5 Ra4 64. Rb6 Rd4 65. Bf3 Ra4 66. Rb5 Kf6 1/2-1/2

[Event "Nezhmetdinov Memorial 34th"]
[Site "Kazan"]
[Date "2012.10.03"]
[Round "8"]
[White "Ibragimov, Ildar"]
[Black "Dvoirys, Semen I"]
[Result "1/2-1/2"]
[WhiteElo "2546"]
[BlackElo "2533"]
[PlyCount "132"]
[EventDate "2012.09.25"]
[EventType "swiss"]
[EventRounds "9"]
[EventCountry "RUS"]
[SourceTitle "CBM 150 Extra"]
[Source "ChessBase"]
[SourceDate "2012.10.19"]
[SourceVersion "1"]
[SourceVersionDate "2012.10.19"]
[SourceQuality "1"]

1. d4 Nf6 2. c4 e6 3. Nf3 b6 4. g3 Ba6 5. b3 d5 6. cxd5 exd5 7. Bg2 Bd6 8. 0-0 0-0 9. Nc3 Nbd7 10. Re1 Re8 11. Bb2 Rc8 12. Nd2 c5 13. Nxd5 Nxd5 14. Bxd5 Nf6 15. Bf3 cxd4 16. Bxd4 Bxg3 17. Bxf6 Bxh2+ 18. Kxh2 Qxf6 19. Nf1 Rcd8 20. Qc2 Rxe2 21. Rxe2 Bxe2 22. Qxe2 Qxa1 23. Bd5 Qd4 24. Bc4 g6 25. Kg2 Kg7 26. a4 h5 27. Qe7 Rd7 28. Qe8 Qg4+ 29. Ng3 h4 30. Be2 Qd4 31. Ne4 Rd5 32. Bc4 Rf5 33. Qe7 Rf4 34. f3 h3+ 35. Kg3 Rf5 36. Kxh3 Rxf3+ 37. Kg2 Rf4 38. Ng3 Rf2+ 39. Kh3 Rf3 40. Qc7 Qe3 41. Kg4 Rf2 42. Kh3 a6 43. Bd5 Rf5 44. Be4 Rh5+ 45. Kg2 Rg5 46. Bb7 Qxb3 47. Bxa6 Qxa4 48. Qc3+ Kh7 49. Qf6 Qa2+ 50. Kh3 Qe6+ 51. Qxe6 fxe6 52. Ne4 Re5 53. Bd3 b5 54. Kg4 b4 55. Kf4 Rf5+ 56. Ke3 Kh6 57. Bc4 e5 58. Nf2 Rf4 59. Ba2 Kg5 60. Nd3 Kf5 61. Bb1 Rf1 62. Bc2 b3 63. Bxb3 e4 64. Nf2 Re1+ 65. Kd2 Ra1 66. Nxe4 Ke5 1/2-1/2

[Event "Nezhmetdinov Memorial 34th"]
[Site "Kazan"]
[Date "2012.09.29"]
[Round "4"]
[White "Ibragimov, Ildar"]
[Black "Ponfilenok, Vladimir"]
[Result "1-0"]
[WhiteElo "2546"]
[BlackElo "2392"]
[PlyCount "81"]
[EventDate "2012.09.25"]
[EventType "swiss"]
[EventRounds "9"]
[EventCountry "RUS"]
[SourceTitle "CBM 150 Extra"]
[Source "ChessBase"]
[SourceDate "2012.10.19"]
[SourceVersion "1"]
[SourceVersionDate "2012.10.19"]
[SourceQuality "1"]

1. Nf3 e6 2. c4 f5 3. g3 Nf6 4. Bg2 d5 5. 0-0 Be7 6. d3 0-0 7. Nbd2 Nc6 8. cxd5 exd5 9. Nb3 a5 10. a4 Bd6 11. Be3 b6 12. Nbd4 Nxd4 13. Nxd4 c5 14. Nb5 Be6 15. Nxd6 Qxd6 16. Bf4 Qc6 17. Rc1 Rac8 18. b3 Qd7 19. d4 c4 20. Be5 Ne4 21. bxc4 Rxc4 22. Rxc4 dxc4 23. f3 Nc3 24. Qa1 Nxa4 25. d5 Bxd5 26. Rd1 Qc6 27. Bxg7 Rf7 28. e4 Rxg7 29. exd5 Qd7 30. d6 Nc5 31. Bf1 Nd3 32. Bxd3 cxd3 33. Rxd3 Qe6 34. Qc3 Rd7 35. Qc8+ Kf7 36. Qc6 Qe1+ 37. Kg2 Qe2+ 38. Kh3 Qe6 39. Qxb6 f4+ 40. g4 Qe2 41. Qb5 1-0

[Event "Nezhmetdinov Memorial 34th"]
[Site "Kazan"]
[Date "2012.09.28"]
[Round "3"]
[White "Vorobiov, Evgeny E"]
[Black "Ibragimov, Ildar"]
[Result "1/2-1/2"]
[WhiteElo "2594"]
[BlackElo "2546"]
[PlyCount "47"]
[EventDate "2012.09.25"]
[EventType "swiss"]
[EventRounds "9"]
[EventCountry "RUS"]
[SourceTitle "CBM 150 Extra"]
[Source "ChessBase"]
[SourceDate "2012.10.19"]
[SourceVersion "1"]
[SourceVersionDate "2012.10.19"]
[SourceQuality "1"]

1. d4 Nf6 2. c4 e6 3. g3 Bb4+ 4. Bd2 a5 5. Bg2 0-0 6. e4 d6 7. Ne2 e5 8. a3 Bxd2+ 9. Nxd2 c6 10. Qc2 exd4 11. Nxd4 Qb6 12. Qc3 a4 13. 0-0 Na6 14. h3 Nc5 15. Kh2 Re8 16. Rae1 Qa5 17. Qc2 Be6 18. Re3 Rad8 19. Rfe1 Bc8 20. f4 Re7 21. R1e2 Rde8 22. Re1 Rd8 23. R1e2 Rde8 24. Re1 1/2-1/2

[Event "Izhevsk Corporation Cup-A 4th"]
[Site "Izhevsk"]
[Date "2012.07.17"]
[Round "3"]
[White "Ibragimov, Ildar"]
[Black "Maletin, Pavel"]
[Result "1-0"]
[WhiteElo "2539"]
[BlackElo "2596"]
[PlyCount "91"]
[EventDate "2012.07.15"]
[EventType "swiss"]
[EventRounds "9"]
[EventCountry "RUS"]
[SourceTitle "EXT 2013"]
[Source "ChessBase"]
[SourceDate "2012.11.22"]
[SourceVersion "1"]
[SourceVersionDate "2012.11.22"]
[SourceQuality "1"]

1. d4 Nf6 2. c4 e6 3. Nf3 Bb4+ 4. Nbd2 0-0 5. a3 Be7 6. e4 d5 7. Qc2 c5 8. dxc5 dxe4 9. Nxe4 Nxe4 10. Qxe4 Nc6 11. Be2 Bxc5 12. b4 f5 13. Qb1 Be7 14. Bb2 a5 15. b5 Nb8 16. 0-0 Nd7 17. Re1 Nc5 18. Qc2 b6 19. Rad1 Qe8 20. Ne5 Bb7 21. Bf3 Be4 22. Bxe4 fxe4 23. Bd4 Bd6 24. Nc6 Qh5 25. h3 e5 26. Be3 Qg6 27. Re2 Nd3 28. c5 bxc5 29. Qc4+ Kh8 30. Red2 Rae8 31. Kh1 Bc7 32. Rxd3 exd3 33. Qxd3 Qf7 34. Bxc5 e4 35. Qe3 Qh5 36. g4 Qg6 37. Bxf8 Rxf8 38. Rd7 Bf4 39. Qc5 Qf6 40. Qxf8+ Qxf8 41. Rd8 Qxd8 42. Nxd8 Bc7 43. Nf7+ Kg8 44. Ng5 h6 45. Nxe4 Kf7 46. Nd2 1-0

[Event "RUS-chT 19th"]
[Site "Sochi"]
[Date "2012.04.09"]
[Round "1"]
[White "Dominguez Perez, Leinier"]
[Black "Ibragimov, Ildar"]
[Result "1-0"]
[WhiteElo "2730"]
[BlackElo "2539"]
[PlyCount "69"]
[EventDate "2012.04.09"]
[EventType "team-swiss"]
[EventRounds "7"]
[EventCountry "RUS"]
[SourceTitle "CBM 148"]
[Source "ChessBase"]
[SourceDate "2012.05.16"]
[SourceVersion "1"]
[SourceVersionDate "2012.05.16"]
[SourceQuality "1"]
[WhiteTeam "St Petersburg Chess Fed"]
[BlackTeam "Kazan Nezhmetdinov"]
[WhiteTeamCountry "RUS"]
[BlackTeamCountry "RUS"]

1. e4 e6 2. d4 d5 3. e5 c5 4. c3 Nc6 5. Nf3 Nge7 6. Na3 cxd4 7. cxd4 Nf5 8. Nc2 Qb6 9. Bd3 Bd7 10. 0-0 a5 11. Bxf5 exf5 12. Ne3 Be6 13. g3 Be7 14. Ng2 h6 15. h4 0-0 16. Nf4 Rfc8 17. Re1 Rc7 18. Re2 Rac8 19. Be3 Nb4 20. Ne1 Qb5 21. a3 Na6 22. Ned3 a4 23. Rd2 Bf8 24. g4 Bd7 25. g5 hxg5 26. hxg5 g6 27. Qf3 Be6 28. Kg2 Rc4 29. Rh1 Nc7 30. Rdd1 Bg7 31. Rh4 Qd7 32. Rdh1 Qd8 33. Qg3 Nb5 34. Rh7 Nxd4 35. Qh4 1-0

[Event "American Continental 07th"]
[Site "Toluca"]
[Date "2011.04.23"]
[Round "8"]
[White "Quesada Perez, Yuniesky"]
[Black "Ibragimov, Ildar"]
[Result "1-0"]
[WhiteElo "2620"]
[BlackElo "2545"]
[PlyCount "101"]
[EventDate "2011.04.19"]
[EventType "swiss"]
[EventRounds "9"]
[EventCountry "MEX"]
[SourceTitle "CBM 141 Extra"]
[Source "ChessBase"]
[SourceDate "2011.05.03"]
[SourceVersion "1"]
[SourceVersionDate "2011.05.03"]
[SourceQuality "1"]

1. e4 e5 2. Nf3 Nc6 3. Bb5 a6 4. Ba4 Nf6 5. 0-0 Be7 6. Re1 b5 7. Bb3 d6 8. c3 0-0 9. h3 Re8 10. d4 Bb7 11. Nbd2 Bf8 12. a3 h6 13. d5 Nb8 14. Nh2 Nbd7 15. Qf3 c6 16. dxc6 Bxc6 17. Ng4 Qe7 18. Ba2 Nxg4 19. hxg4 Qf6 20. Nf1 Qxf3 21. gxf3 Red8 22. Ne3 Nb6 23. Rd1 Rac8 24. Nd5 Nxd5 25. Bxd5 Bxd5 26. Rxd5 Rc5 27. Be3 Rb8 28. Kf1 f6 29. Ke2 Kf7 30. Kd3 g5 31. b4 Rc7 32. a4 Rcb7 33. axb5 axb5 34. Ra7 Ke6 35. Rxb7 Rxb7 36. c4 bxc4+ 37. Kxc4 Be7 38. b5 Bd8 39. Rd1 Rb8 40. Ra1 Rc8+ 41. Kb4 Rc2 42. Kb3 Re2 43. Ra8 Kd7 44. b6 Rxe3+ 45. fxe3 Bxb6 46. Kc4 Ke6 47. Rh8 Bxe3 48. Rxh6 Bf4 49. Rh8 Be3 50. Ra8 Bf2 51. Kb5 1-0

[Event "North American op 20th"]
[Site "Las Vegas"]
[Date "2010.12.29"]
[Round "7"]
[White "Ibragimov, Ildar"]
[Black "Arnold, Marc Tyler"]
[Result "0-1"]
[WhiteElo "2557"]
[BlackElo "2425"]
[PlyCount "80"]
[EventDate "2010.12.26"]
[EventType "swiss"]
[EventRounds "7"]
[EventCountry "USA"]
[SourceTitle "CBM 140 Extra"]
[Source "ChessBase"]
[SourceDate "2011.03.01"]
[SourceVersion "1"]
[SourceVersionDate "2011.03.01"]
[SourceQuality "1"]

1. d4 Nf6 2. c4 e6 3. Nc3 Bb4 4. e3 0-0 5. Bd3 c5 6. Nf3 Bxc3+ 7. bxc3 d6 8. e4 cxd4 9. cxd4 e5 10. 0-0 Bg4 11. h3 Bxf3 12. Qxf3 exd4 13. Rb1 Nbd7 14. Rxb7 Nc5 15. Rb2 Nfd7 16. Bb1 Ne5 17. Qd1 d3 18. f4 Nxc4 19. Rb4 d5 20. Bxd3 Qa5 21. Bxc4 Qxb4 22. Bxd5 Rae8 23. a3 Qc3 24. Rf3 Qa1 25. Qc2 Na4 26. Kh2 Rc8 27. Qxa4 Rxc1 28. Qxa7 Rh1+ 29. Kg3 Qf6 30. Qc7 Qg6+ 31. Kf2 Rb1 32. Rg3 Rb2+ 33. Kf3 Qa6 34. Kg4 Rb6 35. h4 Rb1 36. f5 Qe2+ 37. Kf4 Rf1+ 38. Ke5 Qb2+ 39. Kd6 Qf6+ 40. Kd7 Rc1 0-1

[Event "Dallas UTD-B"]
[Site "Dallas"]
[Date "2009.11.27"]
[Round "7"]
[White "Vedrickas, Tautvydas"]
[Black "Ibragimov, Ildar"]
[Result "1-0"]
[WhiteElo "2272"]
[BlackElo "2577"]
[PlyCount "62"]
[EventDate "2009.11.21"]
[EventType "tourn"]
[EventRounds "9"]
[EventCountry "USA"]
[EventCategory "2"]
[SourceTitle "CBM 133 Extra"]
[Source "ChessBase"]
[SourceDate "2010.01.05"]
[SourceVersion "1"]
[SourceVersionDate "2010.01.05"]
[SourceQuality "1"]

1. d4 Nf6 2. c4 e6 3. Nf3 b6 4. a3 d5 5. cxd5 exd5 6. Nc3 Be7 7. h3 0-0 8. Bf4 Ba6 9. g4 Ne4 10. Rc1 c5 11. Bg2 Nc6 12. Qa4 Bb7 13. e3 cxd4 14. exd4 f5 15. Ne5 Nxe5 16. Bxe5 f4 17. Nxe4 dxe4 18. Rc7 Bd5 19. Qd7 Rf7 20. Qxd8+ Rxd8 21. Bxf4 Bf6 22. Rxf7 Bxf7 23. Be5 Bxe5 24. dxe5 Bg6 25. Ke2 Re8 26. Ke3 Rxe5 27. Rd1 Rc5 28. Rd8+ Kf7 29. Rd7+ Kf6 30. Rxa7 Rc1 31. Rb7 Ke5 1-0

[Event "Dallas UTD-B"]
[Site "Dallas"]
[Date "2009.11.25"]
[Round "5"]
[White "Bryant, John Daniel"]
[Black "Ibragimov, Ildar"]
[Result "1-0"]
[WhiteElo "2359"]
[BlackElo "2577"]
[PlyCount "115"]
[EventDate "2009.11.21"]
[EventType "tourn"]
[EventRounds "9"]
[EventCountry "USA"]
[EventCategory "2"]
[SourceTitle "CBM 133 Extra"]
[Source "ChessBase"]
[SourceDate "2010.01.05"]
[SourceVersion "1"]
[SourceVersionDate "2010.01.05"]
[SourceQuality "1"]

1. e4 c6 2. d4 g6 3. Nc3 d6 4. h3 Bg7 5. g4 b5 6. Bg2 Nd7 7. Be3 Bb7 8. Nge2 b4 9. Nb1 c5 10. Nd2 cxd4 11. Nxd4 Nc5 12. 0-0 Nf6 13. f3 0-0 14. a3 a5 15. Qe1 Ba6 16. Rf2 bxa3 17. Rxa3 a4 18. Bf1 Qc7 19. Nb1 d5 20. g5 Nh5 21. exd5 Qg3+ 22. Kh1 Qh4 23. Ne2 Rfc8 24. Nbc3 Bb7 25. Bg2 e6 26. Rf1 Qb4 27. dxe6 Nxe6 28. Bc1 Nhf4 29. Nxf4 Nxf4 30. Qe3 Nxg2 31. Kxg2 Rc4 32. Rd1 Bc6 33. Rd3 Qb7 34. Qe2 Rb4 35. Qd2 Bf8 36. Nd5 Bxd5 37. Rxd5 Rb5 38. Rad3 Rxd5 39. Rxd5 Qc6 40. c3 Re8 41. Qd3 Qb6 42. Qd2 h5 43. Qf2 Qa6 44. Be3 Qe6 45. Rd3 Qf5 46. Qd2 Qe5 47. h4 Qb5 48. Bf4 Kh7 49. Kg3 Qb6 50. Rd4 a3 51. bxa3 Bxa3 52. Qa2 Qa7 53. Kg2 Re7 54. Re4 Rb7 55. Be3 Qb8 56. Qxa3 Rb2+ 57. Bf2 Qb6 58. Re3 1-0